Intikhab-i kalam-i Ak̲h̲tar Shirani. (Record no. 332184)
[ view plain ]
| 000 -LEADER | |
|---|---|
| fixed length control field | 00952cam a22003017a 4500 |
| 001 - CONTROL NUMBER | |
| control field | 15014076 |
| 003 - CONTROL NUMBER IDENTIFIER | |
| control field | NUST |
| 005 - DATE AND TIME OF LATEST TRANSACTION | |
| control field | 20171117094923.0 |
| 008 - FIXED-LENGTH DATA ELEMENTS--GENERAL INFORMATION | |
| fixed length control field | 070920s2007 pk 000 0 urd |
| 010 ## - LIBRARY OF CONGRESS CONTROL NUMBER | |
| LC control number | 2007432804 |
| 020 ## - INTERNATIONAL STANDARD BOOK NUMBER | |
| International Standard Book Number | 9780195474404 |
| 025 ## - OVERSEAS ACQUISITION NUMBER | |
| Overseas acquisition number | P-U-2007432804; 10; 11 |
| 040 ## - CATALOGING SOURCE | |
| Original cataloging agency | DLC |
| Transcribing agency | DLC |
| 042 ## - AUTHENTICATION CODE | |
| Authentication code | lcode |
| 050 00 - LIBRARY OF CONGRESS CALL NUMBER | |
| Classification number | MLCSA 2007/01580 (P) |
| 082 ## - DEWEY DECIMAL CLASSIFICATION NUMBER | |
| Classification number | 891.439 AKH |
| 100 0# - MAIN ENTRY--PERSONAL NAME | |
| Personal name | AkHtar Shirani, |
| Dates associated with a name | 1905-1948. |
| 9 (RLIN) | 6480 |
| 240 10 - UNIFORM TITLE | |
| Uniform title | works. |
| Form subheading | selections. |
| Date of a work | 2007. |
| 245 10 - TITLE STATEMENT | |
| Title | Intikhab-i kalam-i Ak̲h̲tar Shirani. |
| 250 ## - EDITION STATEMENT | |
| Edition statement | 1 ishāʻat. |
| 260 ## - PUBLICATION, DISTRIBUTION, ETC. | |
| Place of publication, distribution, etc. | Karachi ; |
| -- | Niyu Yark : |
| Name of publisher, distributor, etc. | Auksfarḍ Yunivarsiṭī Pres, |
| Date of publication, distribution, etc. | 2007. |
| 300 ## - PHYSICAL DESCRIPTION | |
| Extent | 66 p. ; |
| Dimensions | 18 cm. |
| 490 0# - SERIES STATEMENT | |
| Series statement | Urdu virs̲ah |
| 500 ## - GENERAL NOTE | |
| General note | Poems. |
| 500 ## - GENERAL NOTE | |
| General note | "Pakistan 60 years, 1947-2007."--Cover. |
| 501 ## - WITH NOTE | |
| With note | P.B |
| 546 ## - LANGUAGE NOTE | |
| Language note | In Urdu. |
| 906 ## - LOCAL DATA ELEMENT F, LDF (RLIN) | |
| a | 7 |
| b | cbc |
| c | origode |
| d | 4 |
| e | ncip |
| f | 20 |
| g | y-gencatlg |
| 942 ## - ADDED ENTRY ELEMENTS (KOHA) | |
| Source of classification or shelving scheme | |
| Koha item type | Book |
| Call number prefix | IESE |
| Withdrawn status | Lost status | Source of classification or shelving scheme | Damaged status | Not for loan | Collection code | Permanent Location | Current Location | Shelving location | Date acquired | Total Checkouts | Full call number | Barcode | Date last seen | Price effective from | Koha item type |
|---|---|---|---|---|---|---|---|---|---|---|---|---|---|---|---|
| Institute of Environmental Science and Engineering (IESE) | Institute of Environmental Science and Engineering (IESE) | General Stacks | 11/17/2017 | 891.439 AKH | IESE-1894 | 11/17/2017 | 11/17/2017 | Book |
